000 00339nam a22001457a 4500
008 210430b ||||| |||| 00| 0 eng d
020 _ax001al5s1p
041 _aeng
080 _22nd
_a159.9
082 _a159.9
100 _a48
101 _aPSI
245 _aBehavioral Assessment of Childhood Disorders
_cMash,E.J
942 _2udc
_cBK
999 _c57051
_d57051